000 00419nam a2200169Ia 4500
005 20250108055543.0
008 240331s9999 xx 000 0 und d
020 _a033520113X
082 _bSOP
_22993
_a305.3
245 0 _aEngendering Social Policy
260 _aBuckingham
_bOpen University Press
_c1999
300 _avii, 211 p.,
650 _aGender
650 _aChildren
700 _aWatson, S
_eedt
942 _cL
999 _c1564
_d1564